[Event "Holguin"]
[Site "Holguin"]
[Date "1999.??.??"]
[Round "?"]
[White "Atala Gonzalez, Juan Jose"]
[Black "Vazquez Igarza, Renier"]
[Result "0-1"]
[WhiteElo "2268"]
[BlackElo "2409"]
[PlyCount "70"]
[EventDate "1999.??.??"]
[EventType "tourn"]
[EventRounds "14"]
[EventCountry "CUB"]
[SourceTitle "EXT 2003"]
[Source "ChessBase"]
[SourceDate "2002.11.25"]
[SourceVersion "1"]
[SourceVersionDate "2002.11.25"]
[SourceQuality "1"]

1. e4 c5 2. Ne2 e6 3. d4 cxd4 4. Nxd4 a6 5. Bd3 Qb6 6. Nb3 Qc7 7. 0-0 Nf6 8. c4 d6 9. Nc3 Be7 10. Be3 Nbd7 11. Rc1 b6 12. Nd4 Bb7 13. f3 0-0 14. b3 Rfe8 15. Qe2 Bf8 16. Qf2 Rad8 17. h3 Qb8 18. b4 d5 19. cxd5 exd5 20. a3 Ne5 21. Be2 dxe4 22. fxe4 Rc8 23. Qf5 b5 24. Nb3 Qa8 25. Nd2 Re6 26. Nf3 g6 27. Qf4 Nxf3+ 28. Bxf3 Rce8 29. Bd4 Qd8 30. e5 Bh6 31. Qxh6 Qxd4+ 32. Kh1 Nh5 33. Ne2 Qxe5 34. Rc5 Qf6 35. Kg1 Rxe2 0-1

[Event "Holguin"]
[Site "Holguin"]
[Date "1999.??.??"]
[Round "?"]
[White "Leyva Proenza, Ricardo"]
[Black "Atala Gonzalez, Juan Jose"]
[Result "1-0"]
[WhiteElo "2392"]
[BlackElo "2268"]
[PlyCount "81"]
[EventDate "1999.??.??"]
[EventType "tourn"]
[EventRounds "14"]
[EventCountry "CUB"]
[SourceTitle "EXT 2003"]
[Source "ChessBase"]
[SourceDate "2002.11.25"]
[SourceVersion "1"]
[SourceVersionDate "2002.11.25"]
[SourceQuality "1"]

1. e4 c5 2. Nf3 e6 3. d4 cxd4 4. Nxd4 Nc6 5. Nb5 d6 6. c4 Nf6 7. N1c3 a6 8. Na3 Be7 9. Be2 0-0 10. 0-0 Bd7 11. Be3 Qa5 12. Rc1 Rfd8 13. Qb3 Qb4 14. Qxb4 Nxb4 15. Bb6 Rdc8 16. Rfd1 Be8 17. Nab1 h6 18. a3 Nc6 19. f4 Nd7 20. Be3 b6 21. Nd2 Rab8 22. b4 Nf6 23. g4 a5 24. b5 Na7 25. Na4 Nd7 26. Nf3 Rc7 27. h4 Rcb7 28. g5 hxg5 29. hxg5 Rd8 30. Kf2 Nc5 31. Nxc5 dxc5 32. Rh1 Bf8 33. Rh4 f6 34. Rg1 fxg5 35. Nxg5 Be7 36. f5 exf5 37. Rgh1 Bxg5 38. Bxg5 Rdd7 39. Rh8+ Kf7 40. exf5 g6 41. R1h7# 1-0